01867nam a2200289 a 450000100100000000500170001000800410002704000250006808200200009324501710011326001280028430000260041250400320043859000250047065000610049565000550055665000900061170000540070170000490075591000370080495201330084195201330097495201180110795201240122595202110134999900170156000002432020240229073821.0110126s2006 dr 000 0 spa d aDO-SdBNPbspacBNPHU a346.0134bC737i00aCompilación de instrumentos nacionales e internacionales que favorecen a la mujer /cCompiladora Yolanda Iluminada González Disla ; prólogo Jorge A. Subero Isa. aSanto Domingo :bPoder Judicial, Dirección de Niñez Adolescencia y Familia, División Mujer y FamiliafCorripioc2006. axii, 757 p. ;c23 cm. aBibliografía : p. 751-757 aInventariado,2018/DG 4aMujeresxSituación legalzRepública Dominicana96395 4aDerechos de la mujerzRepública Dominicana92757 4aDiscriminación sexual contra la mujerxLegislaciónzRepública Dominicana94989512aGonzález Disla, Yolanda Iluminadaecomp.94989612aSubero Isa, Jorge A.,d1947-epról.976863 aValidado. Control de calidad MFF 001052708DSaGRbGRcHDd2011-04-08iLF1l0o346.0134 C737ip24320-30r2020-06-25te. 3w2020-06-25yLFDSZPréstamo interno 001052708DSaGRbGRcHDd2013-06-11iLF1l0o346.0134 C737ip24320-40r2020-06-25te. 4w2020-06-25yLFDSZPréstamo interno 0010718PDaPDbPDcHDd2011-01-26iLF1l0o346.0134 C737ip24320-10r2020-06-25w2020-06-25yLFPDZNo se presta 0010718PDaPDbPDcHDd2011-04-08iLF1l0o346.0134 C737ip24320-20r2020-06-25te. 2w2020-06-25yLFPDZNo se presta 001054708DSaPDbPDcHDd2015-08-03iLF1l0o346.0134 C737ip24320-50r2020-06-25te. 5w2020-06-25yLFDSzPerteneció a la biblioteca personal de Chiqui Vicioso / Fidelio Despradel.ZPréstamo en sala c23813d23813